000 00436nam a2200169Ia 4500
005 20250508152742.0
008 008 250505s9999 xx 000 0 eng d
037 _aBooks to be hide in OPAC
040 _aFEDL
_beng
_cFEDL
041 _aeng
_2eng
084 _a960, PAN/O
_qFEDL
100 _aPant Apa B
_9762300
245 0 _aContinent awake
300 _a19p.
942 _cHB
_h960, PAN/O
999 _c1338505
_d1338505